000 00297nam a22001097a 4500
008 160613b xxu||||| |||| 00| 0 eng d
020 _a0826131557
041 _aeng
080 _a618.2
245 _aTeaching evidence-based practice in nursing:
_cRona F. Levin; Harriet R. Feldman;
942 _2udc
_cBK
999 _c2444
_d2444